=LDR 00000nam 2200000 4500 =001 INLIS000000000002073 =005 20130612090436 =008 ***********************************Ind** =035 ##$$0010-061300000002073 =041 ##$$a Ind =082 ##$$a 920 =090 ##$$a 920, Mah i =100 ##$$a Mahendra, Pascal H =245 ##$$a Isu suksesi kepemimpinan, Indonesia pasca soeharto China, pasca dengxlaoping, Pascal L. Mahendra =260 ##$$a 1995 $b Jakarta =300 ##$$a vii, 95 hlm., 21 cm =650 ##$$a Biografi =850 ##$$a NBPNMAT